Đất ngập nước

Tài liệu đề cập đến các vấn đề về môi trường đất ngập nước, sinh địa hoá đất ngập nước, phát triển hệ sinh thái đất ngập nước, các hệ sinh thái đất ngập nước ven biển, nội địa, và phân loại và kiểm kê đất ngập nước, tài...

Deskribapen osoa

Gorde:
Xehetasun bibliografikoak
Egile nagusia: Lê, Văn Khoa
Formatua: Liburua
Hizkuntza:Undetermined
Argitaratua: Hà Nội Giáo dục 2008
Gaiak:
Etiketak: Etiketa erantsi
Etiketarik gabe, Izan zaitez lehena erregistro honi etiketa jartzen!
Thư viện lưu trữ: Trung tâm Học liệu Trường Đại học Cần Thơ
LEADER 01227nam a2200229Ia 4500
001 CTU_150461
008 210402s9999 xx 000 0 und d
020 |c 28000 
082 |a 631.432 
082 |b Kh401 
100 |a Lê, Văn Khoa 
245 0 |a Đất ngập nước 
245 0 |c Lê Văn Khoa (Chủ biên) ; Nguyễn Cử, Trần Thiện Cường, Nguyễn Xuân Huân 
260 |a Hà Nội 
260 |b Giáo dục 
260 |c 2008 
520 |a Tài liệu đề cập đến các vấn đề về môi trường đất ngập nước, sinh địa hoá đất ngập nước, phát triển hệ sinh thái đất ngập nước, các hệ sinh thái đất ngập nước ven biển, nội địa, và phân loại và kiểm kê đất ngập nước, tài nguyên đất ngập nước. 
526 |a Sinh thái đất ngập nước ứng dụng,Sinh thái đất ngập nước,Sinh thái đất ngập nước 
526 |b MTK604,MT601,NND609 
650 |a Hydromorphic soils 
904 |i Giang 
980 |a Trung tâm Học liệu Trường Đại học Cần Thơ